Droga Wojewódzka 527 - Statystyki

Ogólne statystyki
  • Ten quiz został rozwiązany 9 razy
  • Średni wynik to 18 z 31
Statystyki odpowiedzi
Rodzaj Miejscowość % Poprawnych
Miasto wojewódzkie Olsztyn
100%
Miasto gminne Pasłęk
100%
Wieś gminna Łukta
86%
Miasto gminne Dzierzgoń
71%
Miasto gminne Morąg
71%
Wieś Antoniewo
57%
Wieś Bramka
57%
Wieś Florczaki
57%
Wieś Giedajty
57%
Wieś Kalnik
57%
Wieś Krosno
57%
Wieś Kwitajny
57%
Wieś Łączno
57%
Wieś Nowe Ramoty
57%
Wieś Pelnik
57%
Wieś Rogajny
57%
Wieś gminna Rychliki
57%
Wieś Silin
57%
Wieś Stękiny
57%
Wieś Surowe
57%
Wieś Warkały
57%
Wieś Wrzesina
57%
Wieś Zawroty
57%
Wieś Dymnik
43%
Wieś Krupin
43%
Wieś Kwietniewo
43%
Wieś Marwica
43%
Wieś Portowo
43%
Wieś Sójki
43%
Wieś Jelonki
29%
Wieś Nowe Kusy
29%
Nie znaleziono quizów pasujących do podanych kryteriów
Rozkład punktacji
Procent ludzi z każdym wynikiem
Percentyl według liczby udzielonych odpowiedzi
Twoja historia wyników
Nie rozwiązałeś tego quizu